| 000 | 00552nam a2200181Ia 4500 | ||
|---|---|---|---|
| 003 | IN-BaIIA | ||
| 008 | 211028s9999 xx 000 0 eng d | ||
| 020 | _a978-0-470-51180-0 | ||
| 040 | _cIIA Library | ||
| 080 |
_a52-13 _bDEG |
||
| 100 |
_aDe Grijs, Richard _934948 |
||
| 245 | 3 |
_aAn Introduction to distance measurement in astronomy _cRichard De Grijs |
|
| 260 |
_aWest Sussex _bJohn Wiley & Sons _c2011 |
||
| 300 | _axii, 313p. | ||
| 650 |
_aAstronomy - methodology _915060 |
||
| 650 |
_aCosmological distances - measurment _934949 |
||
| 942 | _cBK | ||
| 999 |
_c18260 _d18260 |
||